|
|
|
|
| LEADER |
01432nam a2200385Ia 4500 |
| 001 |
EBC456650 |
| 003 |
MiAaPQ |
| 005 |
20200520144314.0 |
| 006 |
m o d | |
| 007 |
cr cn||||||||| |
| 008 |
090130s2009 nyua sb 001 0 eng d |
| 010 |
|
|
|z 2009002268
|
| 020 |
|
|
|z 9780415419796 (hb)
|
| 020 |
|
|
|z 9780415419802 (pb)
|
| 020 |
|
|
|a 9780203874103 (electronic bk.)
|
| 035 |
|
|
|a (MiAaPQ)EBC456650
|
| 035 |
|
|
|a (Au-PeEL)EBL456650
|
| 035 |
|
|
|a (CaPaEBR)ebr10341910
|
| 035 |
|
|
|a (CaONFJC)MIL231618
|
| 035 |
|
|
|a (OCoLC)535923616
|
| 040 |
|
|
|a MiAaPQ
|c MiAaPQ
|d MiAaPQ
|
| 050 |
|
4 |
|a HE151
|b .C875 2009
|
| 082 |
0 |
4 |
|a 388/.049
|2 22
|
| 100 |
1 |
|
|a Cowie, Jonathan.
|
| 245 |
1 |
4 |
|a The economics of transport
|h [electronic resource] :
|b a theoretical and applied perspective /
|c Jonathan Cowie ; with contributions from Steve Ison, Tom Rye and Geoff Riddington.
|
| 260 |
|
|
|a New York, NY ;
|a London :
|b Routledge,
|c 2009.
|
| 300 |
|
|
|a xv, 384 p. :
|b ill.
|
| 504 |
|
|
|a Includes bibliographical references and index.
|
| 533 |
|
|
|a Electronic reproduction. Ann Arbor, MI : ProQuest, 2015. Available via World Wide Web. Access may be limited to ProQuest affiliated libraries.
|
| 650 |
|
0 |
|a Transportation.
|
| 650 |
|
0 |
|a Economics.
|
| 655 |
|
4 |
|a Electronic books.
|
| 700 |
1 |
|
|a Ison, Steve.
|
| 710 |
2 |
|
|a ProQuest (Firm)
|
| 856 |
4 |
0 |
|u https://ebookcentral.proquest.com/lib/matrademy/detail.action?docID=456650
|z Click to View
|